MARC details
| 000 -LEADER |
| fixed length control field |
03819cam a2200697Mi 4500 |
| 001 - CONTROL NUMBER |
| control field |
ocn927135726 |
| 003 - CONTROL NUMBER IDENTIFIER |
| control field |
OCoLC |
| 005 - DATE AND TIME OF LATEST TRANSACTION |
| control field |
20200320205109.0 |
| 008 - FIXED-LENGTH DATA ELEMENTS--GENERAL INFORMATION |
| fixed length control field |
151015t20151934nyu 000 1 eng |
| 019 ## - |
| -- |
904812536 |
| 020 ## - INTERNATIONAL STANDARD BOOK NUMBER |
| International Standard Book Number |
9780062424754 |
| Qualifying information |
(hardcover) |
| 020 ## - INTERNATIONAL STANDARD BOOK NUMBER |
| International Standard Book Number |
0062424750 |
| Qualifying information |
(hardcover) |
| 020 ## - INTERNATIONAL STANDARD BOOK NUMBER |
| Terms of availability |
19.99 |
| 029 0# - (OCLC) |
| OCLC library identifier |
AU@ |
| System control number |
000055762808 |
| 035 ## - SYSTEM CONTROL NUMBER |
| System control number |
(OCoLC)927135726 |
| Canceled/invalid control number |
(OCoLC)904812536 |
| 040 ## - CATALOGING SOURCE |
| Original cataloging agency |
AU@ |
| Language of cataloging |
eng |
| Description conventions |
rda |
| Transcribing agency |
AU@ |
| Modifying agency |
INR |
| -- |
OCLCO |
| -- |
OCLCF |
| -- |
OCLCO |
| -- |
YDXCP |
| -- |
BTCTA |
| -- |
GMP |
| -- |
BDX |
| -- |
OCLCQ |
| -- |
CO2 |
| -- |
OCLCA |
| -- |
OCL |
| -- |
OJ4 |
| -- |
OCL |
| -- |
NCRJL |
| -- |
AUBRN |
| -- |
OCLCO |
| -- |
OCL |
| -- |
WACOL |
| 049 ## - LOCAL HOLDINGS (OCLC) |
| Holding library |
WACL |
| 050 #4 - LIBRARY OF CONGRESS CALL NUMBER |
| Classification number |
PR |
| 082 04 - DEWEY DECIMAL CLASSIFICATION NUMBER |
| Classification number |
823/.912 |
| Edition number |
23 |
| 092 ## - LOCALLY ASSIGNED DEWEY CALL NUMBER (OCLC) |
| Classification number |
F |
| Item number |
Chr |
| 100 1# - MAIN ENTRY--PERSONAL NAME |
| Personal name |
Christie, Agatha, |
| Dates associated with a name |
1890-1976, |
| Relator term |
author. |
| 9 (RLIN) |
5950951 |
| 245 10 - TITLE STATEMENT |
| Title |
Murder on the Orient Express / |
| Statement of responsibility, etc |
Agatha Christie. |
| 250 ## - EDITION STATEMENT |
| Edition statement |
Special deluxe edition. |
| 264 #1 - Production, Publication, Distribution, Manufacture, and Copyright Notice. |
| Place of production, publication, distribution, manufacture |
New York : |
| Name of producer, publisher, distributor, manufacturer |
William Morrow, an imprint of HarperCollins Publishers, |
| Date of production, publication, distribution, manufacture, or copyr |
[2015] |
| 264 #4 - Production, Publication, Distribution, Manufacture, and Copyright Notice. |
| Date of production, publication, distribution, manufacture, or copyr |
©1934 |
| 300 ## - PHYSICAL DESCRIPTION |
| Extent |
254 pages ; |
| Dimensions |
20 cm |
| 336 ## - Content Type |
| Content type term |
text |
| 337 ## - Media type |
| Media type term |
unmediated |
| 338 ## - Carrier type |
| Carrier type term |
volume |
| 500 ## - GENERAL NOTE |
| General note |
"A special deluxe edition of the bestselling classic - reproduced in every detail from the first 1934 British edition and painstakingly restored to its original glory"--Back cover. |
| 520 ## - SUMMARY, ETC. |
| Summary, etc |
CRIME & MYSTERY. The famous Orient Express, thundering along on its three days' journey across Europe, came to a sudden stop in the night. Snowdrifts blocked the line at a desolate spot somewhere in the Balkans. Everything was deathly quiet. "Decidedly I suffer from the nerves," murmured Hercule Poirot, and fell asleep again. He awoke to find himself very much wanted. For in the night murder had been committed. Mr. Ratchett, an American millionaire, was found lying dead in his berth stabbed. The untrodden snow around the train proved that the murderer was still on board. Poirot investigates. He lies back and thinks with his little grey cells. . . .Murder on the Orient Express must rank as one of the most ingenious stories ever devised. The solution is brilliant. Once can but admire again the amazing resource of Agatha Christie." |
| 600 10 - SUBJECT ADDED ENTRY--PERSONAL NAME |
| Personal name |
Poirot, Hercule |
| Titles and other words associated with a name |
(Fictitious character) |
| Form subdivision |
Fiction. |
| 9 (RLIN) |
5711850 |
| 600 17 - SUBJECT ADDED ENTRY--PERSONAL NAME |
| Personal name |
Poirot, Hercule |
| Titles and other words associated with a name |
(Fictitious character) |
| Source of heading or term |
fast |
| -- |
(OCoLC)fst01068127 |
| 9 (RLIN) |
5950952 |
| 600 14 - SUBJECT ADDED ENTRY--PERSONAL NAME |
| Personal name |
Poirot, Hercule |
| Titles and other words associated with a name |
(Fictitious character.) |
| 9 (RLIN) |
5950953 |
| 650 #0 - SUBJECT ADDED ENTRY--TOPICAL TERM |
| Topical term or geographic name as entry element |
Murder |
| General subdivision |
Investigation |
| Form subdivision |
Fiction. |
| 9 (RLIN) |
5673630 |
| 650 #0 - SUBJECT ADDED ENTRY--TOPICAL TERM |
| Topical term or geographic name as entry element |
Orient Express (Express train) |
| Form subdivision |
Fiction. |
| 9 (RLIN) |
5796612 |
| 650 #0 - SUBJECT ADDED ENTRY--TOPICAL TERM |
| Topical term or geographic name as entry element |
Railroad travel |
| Form subdivision |
Fiction. |
| 9 (RLIN) |
5686121 |
| 650 #0 - SUBJECT ADDED ENTRY--TOPICAL TERM |
| Topical term or geographic name as entry element |
Private investigators |
| Form subdivision |
Fiction. |
| 9 (RLIN) |
5674912 |
| 650 #7 - SUBJECT ADDED ENTRY--TOPICAL TERM |
| Topical term or geographic name as entry element |
Murder |
| General subdivision |
Investigation. |
| Source of heading or term |
fast |
| -- |
(OCoLC)fst01029788 |
| 9 (RLIN) |
88186 |
| 650 #7 - SUBJECT ADDED ENTRY--TOPICAL TERM |
| Topical term or geographic name as entry element |
Orient Express (Express train) |
| Source of heading or term |
fast |
| -- |
(OCoLC)fst01048071 |
| 9 (RLIN) |
88919 |
| 650 #7 - SUBJECT ADDED ENTRY--TOPICAL TERM |
| Topical term or geographic name as entry element |
Private investigators. |
| Source of heading or term |
fast |
| -- |
(OCoLC)fst01077503 |
| 9 (RLIN) |
5950954 |
| 650 #7 - SUBJECT ADDED ENTRY--TOPICAL TERM |
| Topical term or geographic name as entry element |
Railroad travel. |
| Source of heading or term |
fast |
| -- |
(OCoLC)fst01088689 |
| 9 (RLIN) |
5950955 |
| 650 #4 - SUBJECT ADDED ENTRY--TOPICAL TERM |
| Topical term or geographic name as entry element |
Murder |
| General subdivision |
Investigation. |
| 9 (RLIN) |
88186 |
| 650 #4 - SUBJECT ADDED ENTRY--TOPICAL TERM |
| Topical term or geographic name as entry element |
Railroad travel. |
| 9 (RLIN) |
5950955 |
| 650 #4 - SUBJECT ADDED ENTRY--TOPICAL TERM |
| Topical term or geographic name as entry element |
Private investigators. |
| 9 (RLIN) |
5950954 |
| 650 #4 - SUBJECT ADDED ENTRY--TOPICAL TERM |
| Topical term or geographic name as entry element |
Orient Express (Express train.) |
| 9 (RLIN) |
88919 |
| 650 #4 - SUBJECT ADDED ENTRY--TOPICAL TERM |
| Topical term or geographic name as entry element |
Railroad travel |
| Form subdivision |
Fiction. |
| 9 (RLIN) |
5686121 |
| 655 #7 - INDEX TERM--GENRE/FORM |
| Genre/form data or focus term |
Detective and mystery fiction. |
| Source of term |
fast |
| -- |
(OCoLC)fst01726581 |
| 9 (RLIN) |
5683641 |
| 655 #7 - INDEX TERM--GENRE/FORM |
| Genre/form data or focus term |
Mystery fiction. |
| Source of term |
gsafd |
| 9 (RLIN) |
5950956 |
| 655 #7 - INDEX TERM--GENRE/FORM |
| Genre/form data or focus term |
Fiction. |
| Source of term |
fast |
| -- |
(OCoLC)fst01423787 |
| 9 (RLIN) |
5673940 |
| 655 #4 - INDEX TERM--GENRE/FORM |
| Genre/form data or focus term |
Fiction. |
| 9 (RLIN) |
5673940 |
| 655 #4 - INDEX TERM--GENRE/FORM |
| Genre/form data or focus term |
Mystery fiction. |
| 9 (RLIN) |
5950956 |
| 655 #7 - INDEX TERM--GENRE/FORM |
| Genre/form data or focus term |
Detective and mystery fiction. |
| Source of term |
lcgft |
| 9 (RLIN) |
5683641 |
| 938 ## - |
| -- |
Brodart |
| -- |
BROD |
| -- |
112289827 |
| 938 ## - |
| -- |
Baker and Taylor |
| -- |
BTCP |
| -- |
BK0016721718 |
| 938 ## - |
| -- |
YBP Library Services |
| -- |
YANK |
| -- |
12330858 |
| 942 ## - ADDED ENTRY ELEMENTS (KOHA) |
| Koha item type |
BOOK |
| 948 ## - LOCAL PROCESSING INFORMATION (OCLC); SERIES PART DESIGNATOR (RLIN) |
| Series part designator, SPT (RLIN) |
09/05/2017 |
| b (OCLC) |
03/07/2019 |
| z (OCLC) |
Sirsi |
| 994 ## - |
| -- |
C0 |
| -- |
WACOL |
| 996 ## - |
| -- |
144113 |
| -- |
34301001533654 |
| -- |
F |
| -- |
bk |
| -- |
wcl |
| -- |
o |
| -- |
19 |
| -- |
19.99 |
| -- |
amazon |
| -- |
Chr |
| -- |
09/05/2017 |
| -- |
03/02/2020 |
| -- |
03/02/2020 |